Sistema alternativo de Solfeo basado en colores y números Ola Skare (Record no. 7944)

MARC details
000 -LEADER
campo de control de longitud fija 00407nam a2200133Ia 4500
001 - NÚMERO DE CONTROL
campo de control 807
008 - DATOS DE LONGITUD FIJA--INFORMACIÓN GENERAL
campo de control de longitud fija 241024s9999 xx 000 0 und d
082 ## - NÚMERO DE LA CLASIFICACIÓN DECIMAL DEWEY
Número de clasificación RD/780.9/R426s
100 ## - ENTRADA PRINCIPAL--NOMBRE DE PERSONA
Nombre de persona República Dominicana.Secretaría de Estado de Educación
245 #0 - MENCIÓN DEL TÍTULO
Título Sistema alternativo de Solfeo basado en colores y números Ola Skare
260 ## - PUBLICACIÓN, DISTRIBUCIÓN, ETC.
Nombre del editor, distribuidor, etc. Alfa & Omega
Fecha de publicación, distribución, etc. 2005
901 ## - ELEMENTOS DE DATOS A LOCAL LDA (RLIN)
a 2/12/2010 3:52:07 p.m.

No items available.

© 2024. Todos los Derechos Reservados. Desarrollado por IDEICE